Statystyki dla odpowiedż zaczyna śię na K

Kliknij tutaj aby rozwiązać quiz!

Ogólne statystyki

  • Ten quiz został rozwiązany 61 razy
    (8 od ostatniego zresetowania)
  • Średni wynik to 13 z 15

Statystyki odpowiedzi

PytanieOdpowiedż% Poprawnych
Kraj sąsiadujący z USA ?Kanada
100%
Kraj który sąsiaduje z Rosja (oczywiście ten kraj zaczyna sie na litere k)Kazachstan | Korea Północna
100%
Marka samochodu na literę k?KIA
100%
Stolica UkrainyKijów
100%
Stolica DaniiKopenhaga
100%
Jaką nazwę nosi święta księga Islamu?Koran
100%
Kto odkrył AmerykeKrzysztof Kolumb
100%
Pierwiastek chemiczny na literę k?Kadm / Kaliforn / Kiur / Kobalt / Kopernik
Krypton / Krzem / Ksenon
88%
Pasmo górskie które znajduje się na Ukrainie ,
Polsce , Słowacji ,Rumunii ,Węgrzech ,Austrii i Czechach ?
Karpaty
88%
Jaką nazwę nosi kraina na terytorium Hiszpanii, której stolicą jest Barcelona?Katalonia
88%
Podaj nazwę afrykańskiej rzeki, której nazwę można kojarzyć z dwoma państwami na tym kontynencie.Kongo
88%
Wyspa , na której urodził sie NpoleonKorsyka
75%
Kraj w Ameryce środkowej?Kostaryka
75%
prezydent korei północnejKim Dzong Un
38%
Marka motocylu na literę k?Kawasaki / KTM
25%

Rozkład punktacji

Percentyl według liczby udzielonych odpowiedzi

Procent ludzi z każdym wynikiem

Twoja historia wyników

Nie rozwiązałeś tego quizu od ostatniego zresetowania